[Event "Campeonato de España sub-18 2011"]
[Site "Padron ESP"]
[Date "2011.07.27"]
[Round "5.3"]
[White "Meneses Gonzalez, Kevin"]
[Black "Forcen Esteban, Daniel"]
[Result "0-1"]
[WhiteElo "2226"]
[BlackElo "2441"]
[PlyCount "96"]
[EventDate "2011.07.25"]
[EventType "swiss"]
[EventRounds "9"]
[EventCountry "ESP"]
[Source "lmi"]
[SourceDate "2011.07.25"]

1. e4 c5 2. Nf3 d6 3. d4 cxd4 4. Nxd4 Nf6 5. Nc3 a6 6. Bg5 Nbd7 7. f4 Qc7 8.
Qf3 h6 9. Bxf6 Nxf6 10. f5 e5 11. fxe6 fxe6 12. O-O-O Bd7 13. Qh3 e5 14. Nf5 g6
15. Qh4 Nxe4 16. Nxe4 Bxf5 17. Nf6+ Kf7 18. Bc4+ Kg7 19. Nd5 Qd8 20. Qf2 Be7
21. Nb6 Rb8 22. g4 Bh4 23. Qg2 Bg5+ 24. Kb1 Bxc2+ 25. Kxc2 Qxb6 26. Rhf1 Rhf8
27. Kb1 Qc7 28. Qd5 Rbc8 29. Rxf8 Rxf8 30. Bb3 Be3 31. Qxd6 Qxd6 32. Rxd6 Rf1+
33. Kc2 Rf2+ 34. Kb1 Rxh2 35. Bd5 Bd4 36. b3 Rb2+ 37. Kc1 Rxa2 38. Bxb7 h5 39.
Rxa6 Rxa6 40. Bxa6 h4 41. Kd2 Kf6 42. Bd3 h3 43. Ke2 h2 44. Be4 Kg5 45. Bf3 Kf4
46. b4 g5 47. b5 Ba7 48. Bc6 e4 0-1

[Event "Campeonato de España sub-18 2011"]
[Site "Padron ESP"]
[Date "2011.07.27"]
[Round "5.4"]
[White "Fernandez Garcia, Jose Miguel"]
[Black "Montañes Arribas, Adrian"]
[Result "1-0"]
[WhiteElo "2285"]
[BlackElo "2177"]
[PlyCount "51"]
[EventDate "2011.07.25"]
[EventType "swiss"]
[EventRounds "9"]
[EventCountry "ESP"]
[Source "lmi"]
[SourceDate "2011.07.25"]

1. d4 d5 2. Nf3 Nf6 3. c4 c6 4. Nc3 dxc4 5. g3 b5 6. Bg2 Bb7 7. O-O e6 8. e4
Nbd7 9. e5 Nd5 10. Ng5 Nxc3 11. Qh5 g6 12. Qf3 Ne2+ 13. Kh1 Qe7 14. Qxe2 h6 15.
Ne4 Qd8 16. h4 Qc7 17. b3 cxb3 18. axb3 a6 19. h5 O-O-O 20. Bd2 b4 21. Rfc1 c5
22. Bxb4 cxb4 23. Nd6+ Bxd6 24. exd6 Bxg2+ 25. Kxg2 Qxc1 26. Qxa6+ 1-0

[Event "Campeonato de España sub-18 2011"]
[Site "Padron ESP"]
[Date "2011.07.27"]
[Round "5.5"]
[White "Rioboo De Larriva, Alvaro"]
[Black "Coll Ortega, Jordi"]
[Result "0-1"]
[WhiteElo "2215"]
[BlackElo "2303"]
[PlyCount "70"]
[EventDate "2011.07.25"]
[EventType "swiss"]
[EventRounds "9"]
[EventCountry "ESP"]
[Source "lmi"]
[SourceDate "2011.07.25"]

1. e4 c6 2. c4 d5 3. exd5 cxd5 4. cxd5 Nf6 5. Qa4+ Nbd7 6. Nc3 g6 7. g3 Bg7 8.
Bg2 O-O 9. d4 Nb6 10. Qb3 Bf5 11. Nge2 Bd3 12. Qd1 Bc4 13. b3 Ba6 14. Nf4 Rc8
15. Bb2 g5 16. Nd3 Nfxd5 17. Nxd5 Nxd5 18. O-O Nc3 19. Bxc3 Rxc3 20. Nc5 Bxf1
21. Qxf1 Qxd4 22. Ne4 Rxg3 23. Re1 Rg4 24. h3 Rf4 25. Nxg5 Qf6 26. Ne4 Qh4 27.
Qd3 f5 28. Ng3 Bd4 29. Re2 Kh8 30. Bxb7 Qxh3 31. Bg2 Qh4 32. Bb7 e5 33. Kg2
Rxf2+ 34. Rxf2 Bxf2 35. Nxf5 Qg4+ 0-1

[Event "Campeonato de España sub-18 2011"]
[Site "Padron ESP"]
[Date "2011.07.27"]
[Round "5.6"]
[White "Vazquez Torres, Adrián"]
[Black "Colon Garcia, Enrique"]
[Result "0-1"]
[WhiteElo "2140"]
[BlackElo "2276"]
[PlyCount "72"]
[EventDate "2011.07.25"]
[EventType "swiss"]
[EventRounds "9"]
[EventCountry "ESP"]
[Source "lmi"]
[SourceDate "2011.07.25"]

1. e4 c5 2. Nf3 d6 3. d4 cxd4 4. Nxd4 Nf6 5. Nc3 a6 6. Bc4 e6 7. Bb3 b5 8. O-O
Be7 9. Qf3 Qb6 10. Be3 Qb7 11. a3 O-O 12. Rae1 Nbd7 13. Bg5 Nc5 14. Ba2 Qc7 15.
Qg3 Bb7 16. Bh6 Ne8 17. f4 Kh8 18. Bg5 Nf6 19. Qh4 Rae8 20. e5 dxe5 21. fxe5
Ng8 22. Re3 h6 23. Rf6 Kh7 24. Ncxb5 axb5 25. Bxh6 Nxh6 26. c3 Bxf6 27. exf6 g5
28. Qh5 Qf4 29. Rh3 Qxf6 30. Qe2 e5 31. Bb1+ e4 32. Rf3 Qg6 33. g4 Bc8 34. Rh3
Kg7 35. Qxb5 Nd3 36. Bxd3 exd3 0-1

[Event "Campeonato de España sub-18 2011"]
[Site "Padron ESP"]
[Date "2011.07.27"]
[Round "5.7"]
[White "Navarro Molina, David"]
[Black "Pruja Ramirez De Cartagena, Marc"]
[Result "1-0"]
[WhiteElo "2161"]
[BlackElo "2269"]
[PlyCount "73"]
[EventDate "2011.07.25"]
[EventType "swiss"]
[EventRounds "9"]
[EventCountry "ESP"]
[Source "lmi"]
[SourceDate "2011.07.25"]

1. d4 Nf6 2. Nf3 e6 3. c4 d5 4. Bg5 dxc4 5. e3 c5 6. Bxc4 cxd4 7. exd4 Be7 8.
O-O O-O 9. Nc3 Nbd7 10. a3 a6 11. Ne5 Qc7 12. Qe2 Nb6 13. Bb3 Nfd5 14. Bxe7
Qxe7 15. Nxd5 Nxd5 16. Bxd5 exd5 17. Rfe1 Qd6 18. Rac1 Bf5 19. Qf3 Be4 20. Qc3
f6 21. Nd3 b6 22. f3 Bf5 23. Nb4 a5 24. Qc6 Rfd8 25. Re8+ Kf7 26. Qxd6 Rxd6 27.
Rxa8 axb4 28. Rc7+ Bd7 29. Raa7 Ke6 30. axb4 g5 31. Kf2 f5 32. f4 h6 33. Kg3
Ke7 34. fxg5 hxg5 35. h4 gxh4+ 36. Kxh4 Kd8 37. Rxd7+ 1-0

[Event "Campeonato de España sub-18 2011"]
[Site "Padron ESP"]
[Date "2011.07.27"]
[Round "5.8"]
[White "Molina Rodriguez, Borja"]
[Black "Martinez Ramirez, Erik"]
[Result "1/2-1/2"]
[WhiteElo "2131"]
[BlackElo "2257"]
[PlyCount "107"]
[EventDate "2011.07.25"]
[EventType "swiss"]
[EventRounds "9"]
[EventCountry "ESP"]
[Source "lmi"]
[SourceDate "2011.07.25"]

1. e4 c5 2. Nf3 e6 3. d4 cxd4 4. Nxd4 a6 5. Nc3 b5 6. Be2 Bb7 7. Bf3 Qc7 8. O-O
d6 9. a4 b4 10. Na2 Nf6 11. Re1 Nbd7 12. Bd2 Nc5 13. Bxb4 Ncxe4 14. Qd3 d5 15.
Bxf8 Kxf8 16. b4 e5 17. Nb3 Ng5 18. Qe3 Nxf3+ 19. Qxf3 Nd7 20. Na5 Rb8 21. Nxb7
Qxb7 22. Nc3 d4 23. Nd5 f6 24. Rab1 Qc6 25. Qb3 Nb6 26. Nxb6 Rxb6 27. b5 Qe6
28. Qb4+ Qd6 29. Qc4 Ke7 30. bxa6 Rhb8 31. Rb5 Ra8 32. Reb1 Raxa6 33. Qg8 g5
34. Qxh7+ Ke6 35. Qg8+ Ke7 36. Qb3 Rxb5 37. axb5 Rb6 38. Qc4 Rb7 39. Ra1 Qd7
40. Ra5 Qc7 41. Qb4+ Qd6 42. Qb3 Qe6 43. Qb4+ Qd6 44. Qb3 Qe6 45. Qf3 e4 46.
Qh5 Rb6 47. Qh7+ Kd6 48. Qa7 Kc5 49. Qc7+ Kb4 50. Ra1 Kxb5 51. Rb1+ Ka6 52.
Ra1+ Kb5 53. Rb1+ Ka6 54. Ra1+ 1/2-1/2

[Event "Campeonato de España sub-18 2011"]
[Site "Padron ESP"]
[Date "2011.07.27"]
[Round "5.9"]
[White "Martin Hernandez, Ruben"]
[Black "Garcia Salamero, Gabriel"]
[Result "1/2-1/2"]
[WhiteElo "2128"]
[BlackElo "2247"]
[PlyCount "94"]
[EventDate "2011.07.25"]
[EventType "swiss"]
[EventRounds "9"]
[EventCountry "ESP"]
[Source "lmi"]
[SourceDate "2011.07.25"]

1. e4 c5 2. Nf3 e6 3. b3 Nc6 4. Bb2 Qc7 5. Bb5 Nge7 6. O-O a6 7. Bxc6 Nxc6 8.
c4 b6 9. Re1 Bb7 10. d4 cxd4 11. Nxd4 Bd6 12. Nf3 f6 13. Nc3 Ne5 14. Nd4 Nf7
15. h3 h5 16. Qd3 g5 17. Rad1 Be5 18. Nf3 g4 19. Nxe5 Nxe5 20. Qd6 Qxd6 21.
Rxd6 gxh3 22. f4 Rg8 23. fxe5 Rxg2+ 24. Kh1 Rxb2 25. exf6 O-O-O 26. Rd3 Rf2 27.
Rxh3 Rh8 28. Ree3 Rxf6 29. Ref3 Rxf3 30. Rxf3 Rg8 31. Kh2 Rg4 32. Rh3 Bxe4 33.
Rxh5 Bc6 34. Re5 Rg2+ 35. Kh3 Rc2 36. Re3 Kc7 37. Kg3 Kd6 38. b4 b5 39. c5+ Kc7
40. a3 d6 41. cxd6+ Kxd6 42. Ne2 e5 43. Kf2 e4 44. Ke1 Bd5 45. Kd1 Rb2 46. Kc1
Ra2 47. Nc3 Rg2 1/2-1/2

[Event "Campeonato de España sub-18 2011"]
[Site "Padron ESP"]
[Date "2011.07.27"]
[Round "5.10"]
[White "Beltran De Heredia E, Miguel A"]
[Black "Suarez Uriel, Adrián"]
[Result "1/2-1/2"]
[WhiteElo "2127"]
[BlackElo "2217"]
[PlyCount "97"]
[EventDate "2011.07.25"]
[EventType "swiss"]
[EventRounds "9"]
[EventCountry "ESP"]
[Source "lmi"]
[SourceDate "2011.07.25"]

1. e4 c5 2. Nf3 Nc6 3. Bb5 g6 4. Bxc6 dxc6 5. h3 e5 6. d3 Bg7 7. Be3 Qe7 8. Qd2
Nf6 9. Nc3 Nd7 10. Bh6 f6 11. Nh2 Nf8 12. Bxg7 Qxg7 13. f4 Ne6 14. fxe5 fxe5
15. O-O Nf4 16. Ne2 g5 17. Rae1 O-O 18. Qc3 b6 19. Nf3 Re8 20. Ng3 g4 21. hxg4
Bxg4 22. Nxe5 Bh3 23. Kh2 Qh6 24. Nf7 Kxf7 25. Rxf4+ Qxf4 26. Rf1 Qxf1 27. Nxf1
Bd7 28. Ng3 Re6 29. Nf5 Rg8 30. Qd2 Ke8 31. Qf4 Reg6 32. Qe5+ Kd8 33. Qb8+ Bc8
34. g3 h5 35. Nd6 Kd7 36. Nxc8 Rxc8 37. Qxa7+ Kd6 38. Qxb6 Rcg8 39. d4 Rxg3 40.
Qxc5+ Kd7 41. Qf5+ Kd8 42. Qf6+ Kd7 43. Qf5+ Kd8 44. Qf2 R3g4 45. e5 h4 46.
Qf6+ Kc7 47. Qd6+ Kb7 48. Qb4+ Kc8 49. Qd6 1/2-1/2

[Event "Campeonato de España sub-18 2011"]
[Site "Padron ESP"]
[Date "2011.07.27"]
[Round "5.11"]
[White "Jordan Martinez, Miguel"]
[Black "Acosta Sosa, Juan Manuel"]
[Result "1-0"]
[WhiteElo "2189"]
[BlackElo "2088"]
[PlyCount "65"]
[EventDate "2011.07.25"]
[EventType "swiss"]
[EventRounds "9"]
[EventCountry "ESP"]
[Source "lmi"]
[SourceDate "2011.07.25"]

1. e4 c5 2. Nf3 Nc6 3. c3 Nf6 4. e5 Nd5 5. Bc4 e6 6. O-O d6 7. exd6 Bxd6 8. d4
Nb6 9. Bd3 cxd4 10. cxd4 h6 11. Nc3 Nb4 12. Bb1 O-O 13. a3 N4d5 14. Qd3 f5 15.
Re1 Bd7 16. Ba2 Rc8 17. Bd2 Qf6 18. Nxd5 Nxd5 19. Bxd5 exd5 20. Qb3 Bc6 21. Bb4
Rfe8 22. Bxd6 Qxd6 23. Re5 g6 24. Rae1 Qf8 25. h4 Qf7 26. Qd3 Bd7 27. Qd2 Kg7
28. Qb4 Be6 29. Qd2 Rc6 30. R5e2 Qf6 31. Qf4 Rec8 32. Kh2 Rd8 33. Rxe6 1-0

[Event "Campeonato de España sub-18 2011"]
[Site "Padron ESP"]
[Date "2011.07.27"]
[Round "5.12"]
[White "Rodriguez Ferraz, Borja"]
[Black "Baragaño Campa, David"]
[Result "1/2-1/2"]
[WhiteElo "2125"]
[BlackElo "2188"]
[PlyCount "93"]
[EventDate "2011.07.25"]
[EventType "swiss"]
[EventRounds "9"]
[EventCountry "ESP"]
[Source "lmi"]
[SourceDate "2011.07.25"]

1. d4 Nf6 2. c4 e6 3. Nc3 d5 4. cxd5 exd5 5. Bg5 Nbd7 6. e3 Bb4 7. a3 Bxc3+ 8.
bxc3 c5 9. Bd3 Qa5 10. Ne2 O-O 11. O-O c4 12. Bb1 Ne4 13. Bxe4 dxe4 14. Bf4 Nf6
15. Qb1 Bg4 16. Ng3 Qd5 17. h3 Bd7 18. Be5 Bc6 19. Bxf6 gxf6 20. Qd1 Rfe8 21.
Nh5 Qg5 22. Nf4 Rad8 23. Qe2 Ba4 24. Kh2 Kh8 25. Qxc4 Bb5 26. Qxf7 Bxf1 27.
Rxf1 Qg7 28. Qxg7+ Kxg7 29. Rb1 b6 30. d5 Kf7 31. Rb4 Rc8 32. c4 Rc5 33. Ne6
Rxe6 34. dxe6+ Kxe6 35. g4 Kd6 36. Kg3 Kc6 37. Kf4 a5 38. Rb2 Rxc4 39. Kf5 Rc3
40. Ra2 Kb5 41. Kxe4 Ka4 42. f4 Kb3 43. Ra1 Kb2 44. Rf1 Kxa3 45. Kd4 Rc7 46.
Rb1 Rb7 47. Kc3 1/2-1/2

[Event "Campeonato de España sub-18 2011"]
[Site "Padron ESP"]
[Date "2011.07.27"]
[Round "5.13"]
[White "Alcaraz Ortega, Javier"]
[Black "Medarde Santiago, Luis Marcos"]
[Result "1-0"]
[WhiteElo "2248"]
[BlackElo "2018"]
[PlyCount "43"]
[EventDate "2011.07.25"]
[EventType "swiss"]
[EventRounds "9"]
[EventCountry "ESP"]
[Source "lmi"]
[SourceDate "2011.07.25"]

1. d4 d5 2. Nf3 c6 3. c4 e6 4. Qc2 Nf6 5. e3 a6 6. Nc3 b5 7. b3 Bd6 8. Bd3 Nbd7
9. O-O e5 10. cxd5 cxd5 11. Bxb5 axb5 12. Nxb5 Bb8 13. dxe5 Nxe5 14. Nfd4 Ba6
15. Ba3 Qc8 16. Qd2 Qb7 17. Qb4 Nc6 18. Nxc6 Bxb5 19. Nxb8 Rxb8 20. Rfc1 Ba6
21. Qf4 Kd7 22. Qd6+ 1-0

[Event "Campeonato de España sub-18 2011"]
[Site "Padron ESP"]
[Date "2011.07.27"]
[Round "5.14"]
[White "Fernandez Lledo, Javier"]
[Black "Perez-cuadrado Robles, Alejandro"]
[Result "1-0"]
[WhiteElo "2204"]
[BlackElo "1977"]
[PlyCount "89"]
[EventDate "2011.07.25"]
[EventType "swiss"]
[EventRounds "9"]
[EventCountry "ESP"]
[Source "lmi"]
[SourceDate "2011.07.25"]

1. e4 g6 2. d4 c6 3. f4 d5 4. e5 h5 5. c3 Nh6 6. Na3 Bg4 7. Be2 Bxe2 8. Qxe2 e6
9. Nc2 Nf5 10. Nf3 Nd7 11. O-O a6 12. Be3 Rc8 13. Bf2 c5 14. g3 Be7 15. h3 cxd4
16. cxd4 Kf8 17. g4 hxg4 18. hxg4 Nh6 19. Ne3 Nb6 20. b3 Qd7 21. a4 Kg7 22. Kg2
Rh7 23. Rh1 Rch8 24. Qd3 Kg8 25. Rac1 Ba3 26. Rcg1 Be7 27. Bh4 Bxh4 28. Rxh4
Qe8 29. Ng5 Nf5 30. Rxh7 Nxe3+ 31. Qxe3 Rxh7 32. Nxh7 Kxh7 33. Rh1+ Kg7 34. Qh3
Kf8 35. Qh8+ Ke7 36. Qxe8+ Kxe8 37. Rh8+ Kd7 38. Rf8 Nc8 39. Rxf7+ Ne7 40. Kg3
b5 41. axb5 axb5 42. Kh4 Ke8 43. Rxe7+ Kxe7 44. Kg5 Kf7 45. Kh6 1-0

[Event "Campeonato de España sub-18 2011"]
[Site "Padron ESP"]
[Date "2011.07.27"]
[Round "5.15"]
[White "Nieto De La Cruz, Julio"]
[Black "Sanchez Garcia, Julio"]
[Result "1-0"]
[WhiteElo "2183"]
[BlackElo "1972"]
[PlyCount "153"]
[EventDate "2011.07.25"]
[EventType "swiss"]
[EventRounds "9"]
[EventCountry "ESP"]
[Source "lmi"]
[SourceDate "2011.07.25"]

1. d4 Nf6 2. c4 e6 3. Nc3 Bb4 4. e3 c5 5. Nge2 cxd4 6. exd4 Ne4 7. Bd2 Nxd2 8.
Qxd2 O-O 9. a3 Be7 10. g3 a6 11. Bg2 Qc7 12. Qd3 d6 13. O-O Nc6 14. b4 Rb8 15.
Rfc1 Bd7 16. Rab1 Rfc8 17. Kh1 Qd8 18. f4 Na7 19. Be4 h6 20. d5 b5 21. Qe3 Qb6
22. Qxb6 Rxb6 23. cxb5 axb5 24. Bd3 Bf6 25. Ne4 Bd8 26. Nd4 Rxc1+ 27. Rxc1 Ra6
28. Nxb5 Nxb5 29. Bxb5 Bxb5 30. Rc8 exd5 31. Rxd8+ Kh7 32. Nxd6 Bd3 33. b5 Rxa3
34. b6 Ba6 35. b7 Bxb7 36. Nxb7 Ra1+ 37. Kg2 Ra2+ 38. Kh3 g5 39. Rxd5 Kg6 40.
fxg5 hxg5 41. Nd6 f6 42. Ne4 Re2 43. Nc3 Rc2 44. Ne4 Re2 45. Nd6 Rc2 46. Rd4 f5
47. g4 Rc3+ 48. Kg2 Rc2+ 49. Kg1 Rc1+ 50. Kf2 Rc2+ 51. Ke1 fxg4 52. Rd2 Rc1+
53. Kf2 Kh5 54. Nf5 Rc3 55. Ng3+ Kh4 56. Rd7 Rc2+ 57. Ne2 Kh5 58. Rd6 Ra2 59.
Rb6 g3+ 60. hxg3 Kg4 61. Rb4+ Kf5 62. g4+ Kf6 63. Rc4 Rb2 64. Kf3 Rb3+ 65. Ke4
Rb2 66. Rc6+ Kf7 67. Nd4 Rf2 68. Nf3 Kg7 69. Nxg5 Rf1 70. Nf3 Ra1 71. Rd6 Ra4+
72. Kf5 Ra5+ 73. Ne5 Rb5 74. Rd7+ Kg8 75. Rc7 Rb8 76. Kg6 Rb6+ 77. Nc6 1-0

[Event "Campeonato de España sub-18 2011"]
[Site "Padron ESP"]
[Date "2011.07.27"]
[Round "5.16"]
[White "Galan Martin, Alejandro"]
[Black "Moral Garcia, Serafin      "]
[Result "1-0"]
[WhiteElo "2018"]
[BlackElo "2182"]
[PlyCount "113"]
[EventDate "2011.07.25"]
[EventType "swiss"]
[EventRounds "9"]
[EventCountry "ESP"]
[Source "lmi"]
[SourceDate "2011.07.25"]

1. e4 e5 2. Nf3 Nc6 3. Bb5 a6 4. Ba4 Nf6 5. O-O Be7 6. Re1 b5 7. Bb3 d6 8. c3
O-O 9. h3 Na5 10. Bc2 c5 11. d4 Nd7 12. Nbd2 exd4 13. cxd4 Nc6 14. Nf1 cxd4 15.
Nxd4 Nxd4 16. Qxd4 Ne5 17. Ne3 Bxh3 18. f4 Nc6 19. Qd1 Be6 20. g3 Bf6 21. Kg2
Nd4 22. Bd3 g6 23. Bd2 Bg7 24. Bc3 d5 25. exd5 Bc8 26. Bxg6 fxg6 27. Bxd4 Bb7
28. Bxg7 Kxg7 29. Qd4+ Kg8 30. Red1 Qd6 31. Qe5 Rad8 32. Qxd6 Rxd6 33. Rd3 Rfd8
34. Rad1 Kf7 35. g4 R6d7 36. Kg3 Ke7 37. g5 Kf8 38. d6 Kf7 39. Ng4 Ke6 40. Re3+
Kf7 41. Ne5+ Kf8 42. Nxd7+ Rxd7 43. b4 Rd8 44. d7 Bc6 45. Re8+ Rxe8 46. dxe8=Q+
Kxe8 47. Rd6 Bb7 48. Kf2 Ke7 49. Rb6 Bc8 50. Ke3 Kd7 51. Kd4 Kc7 52. Rf6 Kd7
53. Rf8 Bb7 54. Rf7+ Kc6 55. Rxh7 Bc8 56. Rf7 Bf5 57. Rxf5 1-0

[Event "Campeonato de España sub-18 2011"]
[Site "Padron ESP"]
[Date "2011.07.28"]
[Round "6.1"]
[White "Pardo Simon, David"]
[Black "Fernandez Garcia, Jose Miguel"]
[Result "1/2-1/2"]
[WhiteElo "2388"]
[BlackElo "2285"]
[PlyCount "70"]
[EventDate "2011.07.25"]
[EventType "swiss"]
[EventRounds "9"]
[EventCountry "ESP"]
[Source "lmi"]
[SourceDate "2011.07.25"]

1. Nf3 Nf6 2. c4 g6 3. b3 Bg7 4. Bb2 d6 5. Nc3 e5 6. g3 O-O 7. Bg2 Nc6 8. O-O
Re8 9. d3 h6 10. e3 a6 11. a3 Rb8 12. Rc1 Bd7 13. Nd2 Ne7 14. b4 h5 15. h3 b5
16. Nd5 Nfxd5 17. cxd5 Rc8 18. d4 exd4 19. Bxd4 Bxd4 20. exd4 Nf5 21. Nb3 Qf6
22. Qd2 Ne7 23. Rfe1 Qf5 24. Qc2 Qxc2 25. Rxc2 c6 26. dxc6 Nxc6 27. Rxe8+ Bxe8
28. Na5 Ne7 29. Rxc8 Nxc8 30. Bb7 Nb6 31. Bxa6 Kf8 32. Bb7 d5 33. Nc6 Nc4 34.
Ne5 Nxa3 35. Bxd5 Nc2 1/2-1/2

[Event "Campeonato de España sub-18 2011"]
[Site "Padron ESP"]
[Date "2011.07.28"]
[Round "6.2"]
[White "Forcen Esteban, Daniel"]
[Black "Ladron De Guevara Pinto, Paolo"]
[Result "1/2-1/2"]
[WhiteElo "2441"]
[BlackElo "2269"]
[PlyCount "60"]
[EventDate "2011.07.25"]
[EventType "swiss"]
[EventRounds "9"]
[EventCountry "ESP"]
[Source "lmi"]
[SourceDate "2011.07.25"]

1. e4 e6 2. d4 d5 3. Nc3 Be7 4. Bd3 dxe4 5. Nxe4 Nf6 6. c3 Nbd7 7. Nf3 O-O 8.
Nxf6+ Nxf6 9. Ne5 c5 10. Be3 cxd4 11. Bxd4 Qc7 12. O-O Bc5 13. Bxc5 Qxc5 14.
Re1 b6 15. Qf3 Rb8 16. Qh3 g6 17. Qh4 Kg7 18. Re3 Bb7 19. Rae1 Qd5 20. Rf3 Ng8
21. Bf1 Qd8 22. Rh3 Qxh4 23. Rxh4 Rfd8 24. Rc4 Rbc8 25. Rxc8 Bxc8 26. Nc6 Rd7
27. Nd4 Ne7 28. g3 Bb7 29. f4 Bd5 30. a4 Kf6 1/2-1/2

[Event "Campeonato de España sub-18 2011"]
[Site "Padron ESP"]
[Date "2011.07.28"]
[Round "6.3"]
[White "Cruz Lledo, Pablo"]
[Black "Arribas Lopez, Angel"]
[Result "1-0"]
[WhiteElo "2269"]
[BlackElo "2443"]
[PlyCount "109"]
[EventDate "2011.07.25"]
[EventType "swiss"]
[EventRounds "9"]
[EventCountry "ESP"]
[Source "lmi"]
[SourceDate "2011.07.25"]

1. d4 Nf6 2. c4 c5 3. d5 e6 4. Nc3 exd5 5. cxd5 d6 6. e4 g6 7. f3 Bg7 8. Nge2
O-O 9. Ng3 h5 10. Be2 Nfd7 11. Be3 Na6 12. O-O Nc7 13. Qd2 b5 14. Bg5 Bf6 15.
Bxf6 Qxf6 16. Bxb5 Nxb5 17. Nxb5 Rb8 18. Nc3 Qd4+ 19. Rf2 h4 20. Nf1 Ne5 21.
Rd1 Qxd2 22. Rdxd2 Ba6 23. Ne3 Nd3 24. Rfe2 c4 25. Ned1 f5 26. Nf2 fxe4 27.
Nxd3 exd3 28. Re6 Kg7 29. Rxd6 Rf6 30. Rd7+ Rf7 31. Rxf7+ Kxf7 32. Kf2 Kf6 33.
Ke3 Ke5 34. g3 hxg3 35. hxg3 Rh8 36. f4+ Kf5 37. Kd4 Re8 38. Rg2 Re1 39. b4
cxb3 40. axb3 Rc1 41. Ra2 Rc2 42. Rxa6 d2 43. g4+ Kxf4 44. Ra1 Kxg4 45. Rd1 Kf5
46. Kd3 Rb2 47. Rxd2 Rxb3 48. Kc4 Rb8 49. Kd4 g5 50. Rf2+ Kg4 51. Ne4 a5 52. d6
a4 53. d7 a3 54. Ke5 Kh4 55. Ke6 1-0

[Event "Campeonato de España sub-18 2011"]
[Site "Padron ESP"]
[Date "2011.07.28"]
[Round "6.4"]
[White "Coll Ortega, Jordi"]
[Black "Navarro Molina, David"]
[Result "1/2-1/2"]
[WhiteElo "2303"]
[BlackElo "2161"]
[PlyCount "80"]
[EventDate "2011.07.25"]
[EventType "swiss"]
[EventRounds "9"]
[EventCountry "ESP"]
[Source "lmi"]
[SourceDate "2011.07.25"]

1. d4 Nf6 2. c4 e6 3. Nf3 c5 4. d5 exd5 5. cxd5 d6 6. e4 a6 7. h3 g6 8. Bd3 b5
9. O-O Bg7 10. Re1 O-O 11. a4 c4 12. Bf1 Bb7 13. axb5 axb5 14. Rxa8 Bxa8 15.
Na3 Qd7 16. Nd4 Re8 17. Naxb5 Rxe4 18. Rxe4 Nxe4 19. Bxc4 Na6 20. Be3 Bb7 21.
Nc3 Nxc3 22. bxc3 Be5 23. Nf3 Bg7 24. Bd4 Nc5 25. Bxg7 Kxg7 26. Qd4+ f6 27. Qe3
Kf7 28. Qh6 Kg8 29. Qf4 Qe7 30. Nd2 Kf7 31. f3 f5 32. Kf2 Qf6 33. Nb1 g5 34.
Qd2 h5 35. Na3 h4 36. Nb5 Ba6 37. Qe3 f4 38. Qd2 Bxb5 39. Bxb5 Qe5 40. Bd3 Kf6
1/2-1/2

[Event "Campeonato de España sub-18 2011"]
[Site "Padron ESP"]
[Date "2011.07.28"]
[Round "6.5"]
[White "Colon Garcia, Enrique"]
[Black "Jordan Martinez, Miguel"]
[Result "1-0"]
[WhiteElo "2276"]
[BlackElo "2189"]
[PlyCount "113"]
[EventDate "2011.07.25"]
[EventType "swiss"]
[EventRounds "9"]
[EventCountry "ESP"]
[Source "lmi"]
[SourceDate "2011.07.25"]

1. e4 e6 2. d4 d5 3. Nd2 Nf6 4. e5 Nfd7 5. Bd3 c5 6. c3 Nc6 7. Ne2 cxd4 8. cxd4
f6 9. Nf4 Nxd4 10. Qh5+ Ke7 11. exf6+ Nxf6 12. Ng6+ hxg6 13. Qxh8 Kf7 14. O-O
e5 15. Nb3 Nxb3 16. axb3 Bf5 17. Bxf5 gxf5 18. Bg5 Bc5 19. Qh3 g6 20. Rac1 Bb6
21. Rfe1 e4 22. Qg3 Qe7 23. Rc2 Qe6 24. Rec1 Re8 25. Qh4 Nh5 26. h3 e3 27. Bxe3
Bxe3 28. Rc7+ Kg8 29. fxe3 Qxe3+ 30. Qf2 d4 31. Rc8 Rxc8 32. Rxc8+ Kf7 33. Qxe3
dxe3 34. Kf1 Nf4 35. Rc7+ Ke6 36. Rxb7 e2+ 37. Kf2 Nxg2 38. Kxe2 Nf4+ 39. Kf1
Nxh3 40. Rxa7 g5 41. b4 g4 42. b5 Kd6 43. Rf7 Ng5 44. Rxf5 Nf3 45. Rf4 Kc5 46.
Ke2 Ne5 47. Rf5 Kd6 48. b6 Nf3 49. Rf6+ Kd7 50. Ke3 Ne5 51. Kd4 Nc6+ 52. Kc5
Ne5 53. Kd5 Nd3 54. Rf7+ Kc8 55. Rg7 Nb4+ 56. Kc5 Nd3+ 57. Kb5 1-0

[Event "Campeonato de España sub-18 2011"]
[Site "Padron ESP"]
[Date "2011.07.28"]
[Round "6.6"]
[White "Martinez Ramirez, Erik"]
[Black "Montañes Arribas, Adrian"]
[Result "1-0"]
[WhiteElo "2257"]
[BlackElo "2177"]
[PlyCount "105"]
[EventDate "2011.07.25"]
[EventType "swiss"]
[EventRounds "9"]
[EventCountry "ESP"]
[Source "lmi"]
[SourceDate "2011.07.25"]

1. e4 c5 2. Nf3 d6 3. d4 cxd4 4. Nxd4 Nf6 5. Nc3 a6 6. f3 e5 7. Nb3 Be6 8. Be3
Be7 9. Qd2 O-O 10. O-O-O Nbd7 11. g4 b5 12. g5 b4 13. gxf6 bxc3 14. Qxc3 Nxf6
15. Na5 Rc8 16. Nc6 Qe8 17. Nxe7+ Qxe7 18. Qa5 Rc6 19. Rg1 Rfc8 20. Kb1 Ne8 21.
Rd2 Qc7 22. Qxc7 Nxc7 23. c4 a5 24. b3 a4 25. Rb2 axb3 26. axb3 Rb8 27. Be2 Na6
28. Rd1 f5 29. Kc1 fxe4 30. fxe4 Nc5 31. Bxc5 dxc5 32. Rd3 Kf8 33. Rg3 h6 34.
Ra2 Rc7 35. Ra6 Bg8 36. Bh5 Bh7 37. Re6 Bxe4 38. Rxe5 Bh7 39. Rge3 Rcc8 40. Re7
Kg8 41. Rg3 g5 42. h4 Ra8 43. Kb2 Rd8 44. Rg2 Kh8 45. hxg5 hxg5 46. Bf3 Re8 47.
Rxh7+ Kxh7 48. Bxa8 Kg6 49. Bd5 Kf5 50. Ka3 Rb8 51. Bc6 Kf4 52. Rf2+ Ke5 53.
Rd2 1-0

[Event "Campeonato de España sub-18 2011"]
[Site "Padron ESP"]
[Date "2011.07.28"]
[Round "6.7"]
[White "Aranaz Murillo, Amalia"]
[Black "Alcaraz Ortega, Javier"]
[Result "0-1"]
[WhiteElo "2176"]
[BlackElo "2248"]
[PlyCount "184"]
[EventDate "2011.07.25"]
[EventType "swiss"]
[EventRounds "9"]
[EventCountry "ESP"]
[Source "lmi"]
[SourceDate "2011.07.25"]

1. Nf3 d5 2. c4 c6 3. g3 Nf6 4. Bg2 g6 5. O-O dxc4 6. a4 Bg7 7. Na3 O-O 8. Nxc4
Be6 9. Nce5 a5 10. Ng5 Bd5 11. e4 Nxe4 12. Nexf7 Rxf7 13. Nxe4 Bc4 14. Re1 Na6
15. d3 Qxd3 16. Qxd3 Bxd3 17. Ng5 Rff8 18. Ne6 Rfe8 19. Nxg7 Kxg7 20. Bd2 Nb4
21. Bc3+ Kf7 22. Re5 e6 23. Rae1 Bf5 24. Bf1 Nd5 25. Bd2 Bc2 26. Bh3 Bf5 27.
Bf1 b6 28. f3 Bc2 29. Bh3 Nc7 30. Bf4 Ra7 31. Ra1 Bb3 32. Re3 Bd5 33. Kf2 Na6
34. Bf1 Nc5 35. Bd6 Nd7 36. f4 Nf6 37. Ke1 Rd7 38. Be5 Ng4 39. Re2 Bf3 40. Bc3
e5 41. Rxe5 Nxe5 42. Bxe5 Red8 43. Bc4+ Bd5 44. Be2 Rb7 45. Kf2 Ra8 46. Bc3 Rd8
47. h4 Bb3 48. h5 Rbd7 49. hxg6+ Kxg6 50. Rh1 Bd1 51. Bc4 Re8 52. Rh4 h5 53.
f5+ Kxf5 54. Rf4+ Kg5 55. Bf6+ Kh6 56. Bd4 c5 57. Be3 Rde7 58. Rf6+ Kg7 59. Bg5
Re5 60. Bh4 Rf8 61. Rxf8 Kxf8 62. Bd8 Bxa4 63. Bxb6 Rf5+ 64. Ke2 Ke7 65. Bxa5
Kd6 66. Bc3 Kc6 67. Be6 Rg5 68. Kf2 Kd6 69. Bc4 Bc6 70. Be2 Bd5 71. Bd2 Rf5+
72. Bf4+ Kc6 73. Bd3 Rf8 74. Ke3 Re8+ 75. Kf2 Bf7 76. Be2 c4 77. Bg5 Re5 78.
Bd2 Kc5 79. Bc3 Rg5 80. Bf3 Be6 81. Bd1 Bg4 82. Bc2 Rg8 83. Be4 Re8 84. Bg6
Rf8+ 85. Kg2 Kd5 86. Bh7 Bf3+ 87. Kh3 Be4 88. Bxe4+ Kxe4 89. Kh4 Rf5 90. g4
hxg4 91. Kxg4 Rf8 92. Kg5 Kd3 0-1